A history of Greek Philosophy
محفوظ في:
| المؤلف الرئيسي: | |
|---|---|
| التنسيق: | كتاب |
| اللغة: | English |
| منشور في: |
Londres, Inglaterra
Cambridge University Press
1977
|
| الموضوعات: | |
| الوسوم: |
إضافة وسم
لا توجد وسوم, كن أول من يضع وسما على هذه التسجيلة!
|
MARC
| LEADER | 00000nam a2200000Ia 4500 | ||
|---|---|---|---|
| 008 | 170316s9999 xx 000 0 eng d | ||
| 040 | |a cru BVZT | ||
| 090 | |a H-100 G-1a v.1 | ||
| 100 | |a Guthrie, W. K. C. | ||
| 245 | 2 | |a A history of Greek Philosophy |c W. K. C. Guthrie | |
| 260 | |a Londres, Inglaterra | ||
| 260 | |b Cambridge University Press | ||
| 260 | |c 1977 | ||
| 300 | |a 538 páginas. Vol. 1. | ||
| 650 | |a FILOSOFÍA |9 5 | ||
| 650 | |a HISTORIA |9 90 | ||
| 999 | |c 28909 |d 28909 | ||
| 942 | |c 4 D |h H-100 G-1a v.1 |2 z | ||
